Регионална библиотека "Любен Каравелов" - Русе

Ikonographie und bysantinische Kunst (Запис номер 343791)

MARC детайли
000 -Лидер
Контролно поле с фиксирана дължина 00940nam a2200289 c 4500
003 - Код на организацията, давaща контролен номер
Контролно поле BLK
005 - Дата и час на последна редакция
Контролно поле 20200422090356.0
008 - Елементи от данни с фиксирана дължина
fixed length control field 180911b bul|||||r ||||||| ||bul||
010 ## - Наследен системен номер
LC control number 003452
040 ## - Източник на каталожния запис
Идентификатор на билиотеката - собственик на записа BLK
041 ## - Код за език
Код за езика на текст/звукозапис или на отделно заглавие Немски
Код за езика КДБФ Български
080 ## - УДК
УДК - код + определител 246.57.04949.5
100 1# - Редна дума - Автор
Автор PROTIC, Andrej
Авторска отговорност първи автор
R(LIN) 21764
245 00 - Сведения за заглавието
Заглавие Ikonographie und bysantinische Kunst
246 ## - Различни форми на заглавието
Паралелно заглавие Ein Beitrag zum Untersuchungs-Verfahren der Kunstwissenschaft
250 ## - Област на изданието
Сведения за изданието 3. изд
260 ## - Област на издателските данни
Място на издаване, разпространение и проч. Sofia
Година на издаване 1943
Печатница Staatsdrukerei
300 ## - Физическа характеристика
Страници 61 с. : с ил
Размери/Мащаб 33 см
380 ## - Жанр
Жанр Религия. Теология
490 ## - СЕРИИ (Колекции)
Име на серия Частна колекция - Академик Михаил Арнаудов
Бележки за серията Дарение - Основен фонд
500 ## - Общи забележки
Забележка Автограф с текст: На М. Арнаудов Андрей Протич 6. III. 943
650 ## - Допълнително описание по предмет – тема
Основно описание – тема или топоним История
9 (RLIN) 399417
655 ## - Ключова дума – жанр/разновидност
Данни за жанр/разновидност или ключова дума за фокус Религии
700 1# - Други автори (авторска отговорност)
Лично име Andrej Protitch
9 (RLIN) 399418
852 ## - Местоположение
Форматна сигнатура МА 2971
Фондова буква Фонд "Михаил Арнаудов"
999 ## - СИСТЕМНИ КОНТРОЛНИ НОМЕРА
Koha biblionumber 343791
Koha biblioitemnumber 343791
942 ## - АРТИКУЛИ
Вид на библиотечния материал Книги
Скрит в OPAC Не
Периодичен библиозапис Да
944 ## - СЪЗДАВАНЕ И РЕДАКЦИЯ на ЗАПИСА
Създаване/Редакция Създаване
Дата на регистрацията/редакция 1994
999 ## - СИСТЕМНИ КОНТРОЛНИ НОМЕРА
Koha biblioitemnumber 343791
999 ## - СИСТЕМНИ КОНТРОЛНИ НОМЕРА
Koha biblioitemnumber 343791
Наличности
Код за отписване Код за изгубен артикул Източник на класификационната схема Код за повреда Коз за рестрикции Код за отдаване Артикулен № Име на библиотеката - собственик Име на библиотеката, в която се намира в момента Статус (Текущо местоположение) Местоположение - отдел Цена в лева Номерация (Хронология) Инвентарен номер Систематично азбучна сигнатура Баркод Номер на екземпляра Цена в евро Служебен тип на артикула
  Не е изгубен Universal Decimal Classification Не е повреден само за читалня Специални фондове ( старопечатни, редки и ценни, фонд М. Арнаудов) 744085 Регионална библиотека "Любен Каравелов" Русе Регионална библиотека "Любен Каравелов" Русе Фонд "Михаил Арнаудов" Фонд "Михаил Арнаудов" 15.00 Автограф: Андрей Протич 589651 МА 2971 120000589651 1 7.67 Книги
Vip Innovations Ltd, Rousse, Bulgaria 2025